00510nam a22001937a 450000500170000001000150001702000260003203500130005803500170007103500130008803700130010103700170011408200060013110000200013724500580015726000390021527000400025430000220029420180226144239.0 aENG-107512 a9788122203684c175.00 aEN-91045 aB-528600-624 aB-667671 bDBAD/PUB bKKP/Venadpl aS aAnand, Mulk Raj aThe Lost Child and other Stories /cby Mulk Raj Anand aNew DelhibOrient Paperbacksc2013 a5A/8 Ansari RoadbNew Delhie110002 a120p. c22cm(pbk)